| 000 | 00828nam a2200265Ia 4500 | ||
|---|---|---|---|
| 003 | OSt | ||
| 005 | 20220926004529.0 | ||
| 006 | a|||||r|||| 00| 0 | ||
| 007 | ta | ||
| 008 | 220923b |||||||| |||| 00| 0 eng d | ||
| 020 |
_a9788190655354 _c1428 |
||
| 037 |
_b66, 15/09/2008, Better Book Service _cGeneral Book |
||
| 040 |
_aRTL _cRTL _beng |
||
| 041 |
_2eng _aeng |
||
| 082 | _aX62-81, P8 | ||
| 100 |
_aJain J. N. _939334 |
||
| 245 | 0 |
_aModern banking and insurance _b Principles and techniques |
|
| 260 |
_a New Delhi _bRegal Publication _c2008 |
||
| 300 |
_axiv, 403p _ccm. |
||
| 500 | _aGlossary P 375-97 | ||
| 650 | _aCommerce | ||
| 700 |
_a Jain R. K. _9108253 |
||
| 942 |
_hX62-81, P8 _cGB _2CC |
||
| 999 |
_c611495 _d611495 |
||